{"text_format":"3","workbook":"xlsx","n_sheets":2,"sheets":["история ","победители и призеры "],"read":"whole","date_system":"1900"}

{"sheet":"история ","index":0,"n_rows":49,"n_cols":20,"rows_kept":49,"merged":[[0,1,0,19]]}
[null,"Итоговый протокол всероссийской олимпиады 2024/2025 учебного года по предмету ИСТОРИЯ"]
["№","Район","Код участника","Название ОУ","Фамилия","Имя","Отчество","Пол","Дата рождения","Участник с ОВЗ","Класс","Класс участия","Балл","Добавлено баллов по итогам апелляции","Итоговый балл","Макс. балл","Статус","Призер республиканского / регионального этапа прошлого года","Учитель","Место работы учителя"]
[1,"Сабинский","451001_16461252052_21","Муниципальное бюджетное общеобразовательное учреждение \"Гимназия п.г.т. Богатые Сабы Сабинского муниципального района Республики Татарстан\"","Шамсутдинова","Зарина","Фанисовна","ж","2011-03-26","нет",7,7,7,null,7,100,"участник  ","нет","Ахтямзянов Айнур Рамазанович","Муниципальное бюджетное общеобразовательное учреждение \"Гимназия п.г.т. Богатые Сабы Сабинского муниципального района Республики Татарстан\""]
[2,"Сабинский","454008_16705245665_21","Муниципальное бюджетное общеобразовательное учреждение \"Тимершикская средняя общеобразовательная школа Сабинского муниципального района Республики Татарстан\"","Валиев","Амир","Рафисович","м","2011-03-07","нет",7,7,6,null,6,100,"участник  ","нет","Зарипова Зульфия Фидаиловна","Муниципальное бюджетное общеобразовательное учреждение \"Тимершикская средняя общеобразовательная школа Сабинского муниципального района Республики Татарстан\""]
[3,"Сабинский","451001_21235323713_21","Муниципальное бюджетное общеобразовательное учреждение \"Гимназия п.г.т. Богатые Сабы Сабинского муниципального района Республики Татарстан\"","Сафаров","Самир","Закирович","м","2011-11-17","нет",7,7,3,null,3,100,"участник  ","нет","Ахтямзянов Айнур Рамазанович","Муниципальное бюджетное общеобразовательное учреждение \"Гимназия п.г.т. Богатые Сабы Сабинского муниципального района Республики Татарстан\""]
[4,"Сабинский","451002_16370996600_21","Муниципальное бюджетное общеобразовательное учреждение «Центр образования «ОНИКС» для одаренных детей» Сабинского муниципального района Республики Татарстан","Фатыхов ","Анвар","Ниязович","м","2011-01-23","нет",7,7,14,null,14,100,"участник  ","нет","Муллахметов Радик Марселович","Муниципальное бюджетное общеобразовательное учреждение «Центр образования «ОНИКС» для одаренных детей» Сабинского муниципального района Республики Татарстан"]
[5,"Сабинский","454016_16360921158_21","Государственное бюджетное общеобразовательное учреждение \"Икшурминская кадеетская школа-интернат имени Байкиева К.С.\"","Шавалиев","Фанияр","Нурфаязович","м","1.14.2011","нет",7,7,10,null,10,100,"участник  ","нет","Мухаметзянов Рустам Хамитович","Государственное бюджетное общеобразовательное учреждение \"Икшурминская кадеетская школа-интернат имени Байкиева К.С.\""]
[6,"Сабинский","454009_16287548909_21","Муниципальное бюджетное общеобразовательное учреждение \"Сатышевская средняя общеобразовательная школа Сабинского муниципального района Республики Татарстан им. Ш.З.Зиннурова\"","Шарифуллин","Ансар","Айдарович","м","2010-11-01","нет",7,7,19,null,19,100,"участник  ","нет","Муллахметов Радик Марселович","Муниципальное бюджетное общеобразовательное учреждение \"Сатышевская средняя общеобразовательная школа Сабинского муниципального района Республики Татарстан им. Ш.З.Зиннурова\""]
[7,"Сабинский","452003_16415792377_21","Муниципальное бюджетное общеобразовательное учреждение \"Шеморданский лицей \"Рост\" Сабинского муниципального района Республики Татарстан\"","Каримов","Аскар","Ришатович","м","2011-01-17","нет",7,7,32,null,32,100,"участник  ","нет","Гатауллина Эндже Ильнуровна","Муниципальное бюджетное общеобразовательное учреждение \"Шеморданский лицей \"Рост\" Сабинского муниципального района Республики Татарстан\""]
[8,"Сабинский","452003_16389942930_21","Муниципальное бюджетное общеобразовательное учреждение \"Шеморданский лицей \"Рост\" Сабинского муниципального района Республики Татарстан\"","Гатауллин","Дамир","Русланович","м","2011-01-13","нет",7,7,21,null,21,100,"участник  ","нет","Гатауллина Эндже Ильнуровна","Муниципальное бюджетное общеобразовательное учреждение \"Шеморданский лицей \"Рост\" Сабинского муниципального района Республики Татарстан\""]
[9,"Сабинский","452003_16979095143_21","Муниципальное бюджетное общеобразовательное учреждение \"Шеморданский лицей \"Рост\" Сабинского муниципального района Республики Татарстан\"","Идрисов","Илья","Ленарович","м","2012-01-05","нет",7,7,22,null,22,100,"участник  ","нет","Гатауллина Эндже Ильнуровна","Муниципальное бюджетное общеобразовательное учреждение \"Шеморданский лицей \"Рост\" Сабинского муниципального района Республики Татарстан\""]
[10,"Сабинский","454017_16618545288_21","Муниципальное бюджетное общеобразовательное учреждение \"Изминская средняя общеобразовательная школа Сабинского муниципального района Республики Татарстан\"","Димитриев","Артур","Владиславович","м","2011-07-05","нет",7,7,30,null,30,100,"участник  ","нет","Каримова Ильфия Фаризовна","Муниципальное бюджетное общеобразовательное учреждение \"Изминская средняя общеобразовательная школа Сабинского муниципального района Республики Татарстан\""]
[11,"Сабинский","451024_15710988786_21","муниципальное бюджетное общеобразовательное учреждение \"Сабинская средняя общеобразовательная школа Сабинского муниципального района Республики Татарстан\"","Гумеров","Данияр","Рузалевич","м","2010-01-12","нет",8,8,50,null,50,100,"победитель","да","Хадиев Ханиф Мубинович","муниципальное бюджетное общеобразовательное учреждение \"Сабинская средняя общеобразовательная школа Сабинского муниципального района Республики Татарстан\""]
[12,"Сабинский","454010_15306202652_21","Муниципальное бюджетное общеобразовательное учреждение \"Мичанская основная общеобразовательная школа Сабинского муниципального района Республики Татарстан\"","Ибрагимов","Ранис","Радифович","м","2010-03-05","нет",8,8,6,null,6,100,"участник  ","нет","Ибрагимова Миляуша Гафуровна","муниципальное бюджетное общеобразовательное учреждение \"Мичанская основная общеобразовательная школа Сабинского муниципального района Республики Татарстан\""]
[13,"Сабинский","454021_15848143696_21","Муниципальное бюджетное общеобразовательное учреждение \"Большешинарская средняя общеобразовательная школа имени А.А. Ахунзянова  Сабинского муниципального района Республики Татарстан\"","Мубараков","Самат","Рамилевич","м","2010-03-28","нет",8,8,17,null,17,100,"участник  ","нет","Нурмухаметова Разиля Ралифовна","Муниципальное бюджетное общеобразовательное учреждение \"Большешинарская средняя общеобразовательная школа имени А.А. Ахунзянова  Сабинского муниципального района Республики Татарстан\""]
[14,"Сабинский","454011_15685717512_21","Муниципальное бюджетное общеобразовательное учреждение \"Нижнешитцинская основная общеобразовательная школа Сабинского муниципального района Республики Татарстан\"","Файзрахманова","Румия","Радисовна","ж","2009-12-08",null,8,8,9,null,9,100,"участник  ","нет","Ибатуллин Рузиль Рафилевич","Муниципальное бюджетное общеобразовательное учреждение \"Нижнешитцинская основная общеобразовательная школа Сабинского муниципального района Республики Татарстан\""]
[15,"Сабинский","454007_17064061646_21","Муниципальное бюджетное общеобразовательное учреждение \"Шикшинская основная общеобразовательная школа Сабинского муниципального района Республики Татарстан\"","Мубаракова","Эльвина","Рузалевна","ж","2010-07-28","нет",8,8,14,null,14,100,"участник  ","нет","Галимуллина Чулпан Газинуровна","Муниципальное бюджетное общеобразовательное учреждение \"Шикшинская основная общеобразовательная школа Сабинского муниципального района Республики Татарстан\""]
[16,"Сабинский","451002_16027320021_21","Муниципальное бюджетное общеобразовательное учреждение «Центр образования «ОНИКС» для одаренных детей» Сабинского муниципального района Республики Татарстан","Зиннурова","Ясмина","Рамилевна","ж","2010-06-01","нет",8,8,19,null,19,100,"участник  ","нет","Муллахметов Радик Марселович","\"Муниципальное бюджетное общеобразовательное учреждение «Центр образования «ОНИКС» для одаренных детей» Сабинского муниципального района Республики Татарстан"]
[17,"Сабинский","451002_15645769507_21","Муниципальное бюджетное общеобразовательное учреждение «Центр образования «ОНИКС» для одаренных детей» Сабинского муниципального района Республики Татарстан","Сунагатуллин","Айрат","Алмазович","м","2009-10-30","нет",8,8,50,null,50,100,"победитель","нет","Муллахметов Радик Марселович","\"Муниципальное бюджетное общеобразовательное учреждение «Центр образования «ОНИКС» для одаренных детей» Сабинского муниципального района Республики Татарстан"]
[18,"Сабинский","451002_15686597230_21","Муниципальное бюджетное общеобразовательное учреждение «Центр образования «ОНИКС» для одаренных детей» Сабинского муниципального района Республики Татарстан","Зарипов","Аскар","Ленарович","м","2009-12-15","нет",8,8,18,null,18,100,"участник  ","нет","Муллахметов Радик Марселович","\"Муниципальное бюджетное общеобразовательное учреждение «Центр образования «ОНИКС» для одаренных детей» Сабинского муниципального района Республики Татарстан"]
[19,"Сабинский","452003_16398635518_21","Муниципальное бюджетное общеобразовательное учреждение \"Шеморданский лицей \"Рост\" Сабинского муниципального района Республики Татарстан\"","Гарифуллин","Арсен","Тимурович","м","2011-02-06","нет",8,8,25,null,25,100,"участник  ","нет","Хамзина Алия Мислахутдиновна","Муниципальное бюджетное общеобразовательное учреждение \"Шеморданский лицей \"Рост\" Сабинского муниципального района Республики Татарстан\""]
[20,"Сабинский","452003_16250468959_21","Муниципальное бюджетное общеобразовательное учреждение \"Шеморданский лицей \"Рост\" Сабинского муниципального района Республики Татарстан\"","Шафигуллина","Замира","Ринатовна","ж","2010-08-24","нет",8,8,16,null,16,100,"участник  ","нет","Хамзина Алия Мислахутдиновна","Муниципальное бюджетное общеобразовательное учреждение \"Шеморданский лицей \"Рост\" Сабинского муниципального района Республики Татарстан\""]
[21,"Сабинский","451001_15637753800_21","Муниципальное бюджетное общеобразовательное учреждение \"Гимназия п.г.т. Богатые Сабы Сабинского муниципального района Республики Татарстан\"","Мухаметсабирова","Иделия","Эдуардовна","ж","2009-10-08","нет",9,9,14,null,14,100,"участник  ","нет","Ахтямзянов Айнур Рамазанович","Муниципальное бюджетное общеобразовательное учреждение \"Гимназия п.г.т. Богатые Сабы Сабинского муниципального района Республики Татарстан\""]
[22,"Сабинский","451001_15591549800_21","Муниципальное бюджетное общеобразовательное учреждение \"Гимназия п.г.т. Богатые Сабы Сабинского муниципального района Республики Татарстан\"","Халиуллин","Разиль","Рафисович","м","2009-08-25","нет",9,9,8,null,8,100,"участник  ","нет","Ахтямзянов Айнур Рамазанович","Муниципальное бюджетное общеобразовательное учреждение \"Гимназия п.г.т. Богатые Сабы Сабинского муниципального района Республики Татарстан\""]
[23,"Сабинский","454015_15462550360_21","Муниципальное бюджетное общеобразовательное учреждение \"Иштуганская средняя общеобразовательная школа Сабинского муниципального района Республики Татарстан\"","Капитонов","Максим","Максимович","м","2009-04-05","нет",9,9,8,null,8,100,"участник  ","нет","Шамилова Гульгена Илфатовна","Муниципальное бюджетное общеобразовательное учреждение \"Иштуганская средняя общеобразовательная школа Сабинского муниципального района Республики Татарстан\""]
[24,"Сабинский","454021_15625380467_21","Муниципальное бюджетное общеобразовательное учреждение \"Большешинарская средняя общеобразовательная школа имени А.А. Ахунзянова  Сабинского муниципального района Республики Татарстан\"","Нигметзянова","Ясмина","Ильнуровна","ж","2009-10-06","нет",9,9,9,null,9,100,"участник  ","нет","Нурмухаметова Разиля Ралифовна","Муниципальное бюджетное общеобразовательное учреждение \"Большешинарская средняя общеобразовательная школа имени А.А. Ахунзянова  Сабинского муниципального района Республики Татарстан\""]
[25,"Сабинский","454022_15670634881_21","Муниципальное бюджетное общеобразовательное учреждение \"Большеарташская основная общеобразовательная школа Сабинского муниципального района Республики Татарстан\"","Билалова","Малика","Аязовна","ж","2009-11-27","нет",9,9,4,null,4,100,"участник  ","нет","Гараев Гафур Аюпович","Муниципальное бюджетное общеобразовательное учреждение \"Большеарташская основная общеобразовательная школа Сабинского муниципального района Республики Татарстан\""]
[26,"Сабинский","451002_15706864489_21","Муниципальное бюджетное общеобразовательное учреждение «Центр образования «ОНИКС» для одаренных детей» Сабинского муниципального района Республики Татарстан","Гатауллина","Гульфия","Ильгизаровна","ж","2009-01-02","нет",9,9,8,null,8,100,"участник  ","нет","Муллахметов Радик Марселович","\"Муниципальное бюджетное общеобразовательное учреждение «Центр образования «ОНИКС» для одаренных детей» Сабинского муниципального района Республики Татарстан"]
[27,"Сабинский","451002_15798392942_21","Муниципальное бюджетное общеобразовательное учреждение «Центр образования «ОНИКС» для одаренных детей» Сабинского муниципального района Республики Татарстан","Зарипова","Чулпан","Маратовна","ж","2008-10-15","нет",9,9,16,null,16,100,"участник  ","нет","Муллахметов Радик Марселович","\"Муниципальное бюджетное общеобразовательное учреждение «Центр образования «ОНИКС» для одаренных детей» Сабинского муниципального района Республики Татарстан"]
[28,"Сабинский","454016_15626308464_21","Государственное бюджетное общеобразовательное учреждение \"Икшурминская кадеетская школа-интернат имени Байкиева К.С.\"","Бикмухаметов","Искандер","Ильдусович","м","10/15/2009","нет",9,9,12,null,12,100,"участник  ","да","Мухаметзянов Рустам Хамитович","Государственное бюджетное общеобразовательное учреждение \"Икшурминская кадеетская школа-интернат имени Байкиева К.С.\""]
[29,"Сабинский","454023_15702025326_21","Муниципальное бюджетное общеобразовательное учреждение \"Сабабашская  основная общеобразовательная школа Сабинского муниципального района Республики Татарстан\"","Шамсутдинова","Ясмина","Флоритовна","ж","3/23/2009","нет",9,9,20,null,20,100,"участник  ","нет","Исмагилова Рания Равильовна","Муниципальное бюджетное общеобразовательное учреждение \"Сабабашская  основная общеобразовательная школа Сабинского муниципального района Республики Татарстан\""]
[30,"Сабинский","452003_15622758172_21","Муниципальное бюджетное общеобразовательное учреждение \"Шеморданский лицей \"Рост\" Сабинского муниципального района Республики Татарстан\"","Сунгатова","Иделия","Ильнуровна","ж","2009-10-02","нет",9,9,24,null,24,100,"участник  ","нет","Гатауллина Эндже Ильнуровна","Муниципальное бюджетное общеобразовательное учреждение \"Шеморданский лицей \"Рост\" Сабинского муниципального района Республики Татарстан\""]
[31,"Сабинский","452003_15720628762_21","Муниципальное бюджетное общеобразовательное учреждение \"Шеморданский лицей \"Рост\" Сабинского муниципального района Республики Татарстан\"","Гилязова","Марьям","Ильдаровна","ж","2009-12-25","нет",9,9,51,null,51,100,"победитель","нет","Гатауллина Эндже Ильнуровна","Муниципальное бюджетное общеобразовательное учреждение \"Шеморданский лицей \"Рост\" Сабинского муниципального района Республики Татарстан\""]
[32,"Сабинский","452003_15498441807_21","Муниципальное бюджетное общеобразовательное учреждение \"Шеморданский лицей \"Рост\" Сабинского муниципального района Республики Татарстан\"","Хадиева","Алия","Ильнуровна","ж","2009-06-08","нет",9,9,28,null,28,100,"участник  ","нет","Гатауллина Эндже Ильнуровна","Муниципальное бюджетное общеобразовательное учреждение \"Шеморданский лицей \"Рост\" Сабинского муниципального района Республики Татарстан\""]
[33,"Сабинский","452003_15591549799_21","Муниципальное бюджетное общеобразовательное учреждение \"Шеморданский лицей \"Рост\" Сабинского муниципального района Республики Татарстан\"","Биктин","Рамазан","Маратович","м","2009-09-09","нет",9,9,28,null,28,100,"участник  ","нет","Хамзина Алия Мислахутдиновна","Муниципальное бюджетное общеобразовательное учреждение \"Шеморданский лицей \"Рост\" Сабинского муниципального района Республики Татарстан\""]
[34,"Сабинский","451001_15815366582_21","Муниципальное бюджетное общеобразовательное учреждение \"Гимназия п.г.т. Богатые Сабы Сабинского муниципального района Республики Татарстан\"","Камолов","Камол","Баходурович","м","2008-12-13","нет",10,10,30,null,30,100,"участник  ","нет","Хазиева Нурия Гаязовна","Муниципальное бюджетное общеобразовательное учреждение \"Гимназия п.г.т. Богатые Сабы Сабинского муниципального района Республики Татарстан\""]
[35,"Сабинский","454015_16032129820_21","Муниципальное бюджетное общеобразовательное учреждение \"Иштуганская средняя общеобразовательная школа Сабинского муниципального района Республики Татарстан\"","Халилов","Ильназ","Радимович","м","6/21/2008","нет",10,10,6,null,6,100,"участник  ","нет","Шамилова Гульгена Илфатовна","Муниципальное бюджетное общеобразовательное учреждение \"Иштуганская средняя общеобразовательная школа Сабинского муниципального района Республики Татарстан\""]
[36,"Сабинский","454021_15791440286_21","Муниципальное бюджетное общеобразовательное учреждение \"Большешинарская средняя общеобразовательная школа имени А.А. Ахунзянова  Сабинского муниципального района Республики Татарстан\"","Мударисов","Ильсаф","Ильшатович","м","2008-03-03","нет",10,10,24,null,24,100,"участник  ","нет","Нурмухаметова Разиля Ралифовна","Муниципальное бюджетное общеобразовательное учреждение \"Большешинарская средняя общеобразовательная школа имени А.А. Ахунзянова  Сабинского муниципального района Республики Татарстан\""]
[37,"Сабинский","452003_16056567977_21","Муниципальное бюджетное общеобразовательное учреждение \"Шеморданский лицей \"Рост\" Сабинского муниципального района Республики Татарстан\"","Гараев","Искандер","Айдарович","м","2008-07-16","нет",10,10,50,null,50,100,"призер","нет","Гатауллина Эндже Ильнуровна","Муниципальное бюджетное общеобразовательное учреждение \"Шеморданский лицей \"Рост\" Сабинского муниципального района Республики Татарстан\""]
[38,"Сабинский","452003_15866085104_21","Муниципальное бюджетное общеобразовательное учреждение \"Шеморданский лицей \"Рост\" Сабинского муниципального района Республики Татарстан\"","Шарипова","Азалия","Ранифовна","ж","2008-05-21","нет",10,10,36,null,36,100,"участник  ","да","Гатауллина Эндже Ильнуровна","Муниципальное бюджетное общеобразовательное учреждение \"Шеморданский лицей \"Рост\" Сабинского муниципального района Республики Татарстан\""]
[39,"Сабинский","452003_16096606177_21","Муниципальное бюджетное общеобразовательное учреждение \"Шеморданский лицей \"Рост\" Сабинского муниципального района Республики Татарстан\"","Мирзакаримова","Линара","Шавкатовна","ж","2008-11-13","нет",10,10,21,null,21,100,"участник  ","нет","Гатауллина Эндже Ильнуровна","Муниципальное бюджетное общеобразовательное учреждение \"Шеморданский лицей \"Рост\" Сабинского муниципального района Республики Татарстан\""]
[40,"Сабинский","454004_15808938408_21","Муниципальное бюджетное общеобразовательное учреждение \"Евлаштауская средняя общеобразовательная школа Сабинского муниципального района Республики Татарстан\"","Искандырова","Сабина","Романовна","ж","2008-01-09","нет",11,11,9,null,9,100,"участник  ","нет","Ярмиева Гюзель Масгутовна","муниципальное бюджетное общеобразовательное учреждение \"Евлаштауская средняя общеобразовательная школа Сабинского муниципального района Республики Татарстан\""]
[41,"Сабинский","451001_15815366784_21","Муниципальное бюджетное общеобразовательное учреждение \"Гимназия п.г.т. Богатые Сабы Сабинского муниципального района Республики Татарстан\"","Хабибуллина","Диляра","Айратовна","ж","2007-05-13","нет",11,11,7,null,7,100,"участник  ","нет","Хазиева Нурия Гаязовна","Муниципальное бюджетное общеобразовательное учреждение \"Гимназия п.г.т. Богатые Сабы Сабинского муниципального района Республики Татарстан\""]
[42,"Сабинский","451002_15804033544_21","Муниципальное бюджетное общеобразовательное учреждение «Центр образования «ОНИКС» для одаренных детей» Сабинского муниципального района Республики Татарстан","Габдрахманова","Дина","Расилевна","ж","2007-01-24","нет",11,11,6,null,6,100,"участник  ","да","Муллахметов Радик Марселович","\"Муниципальное бюджетное общеобразовательное учреждение «Центр образования «ОНИКС» для одаренных детей» Сабинского муниципального района Республики Татарстан"]
[43,"Сабинский",null,"Муниципальное бюджетное общеобразовательное учреждение «Центр образования «ОНИКС» для одаренных детей» Сабинского муниципального района Республики Татарстан","Кабирова","Гульназ","Фаязовна","ж","2007-08-06","нет",11,11,13,null,13,100,"участник  ","нет","Муллахметов Радик Марселович","\"Муниципальное бюджетное общеобразовательное учреждение «Центр образования «ОНИКС» для одаренных детей» Сабинского муниципального района Республики Татарстан"]
[44,"Сабинский","454019_16006298643_21","Муниципальное бюджетное общеобразовательное учреждение \"Верхнесиметская средняя общеобразовательная школа Сабинского муниципального района Республики Татарстан\"","Хабибуллин","Рамазан","Ильнурович","м","2007-10-05","нет",11,11,23,null,23,100,"участник  ","нет","Хамзина Алия Мислахутдиновна","Муниципальное бюджетное общеобразовательное учреждение \"Верхнесиметская средняя общеобразовательная школа Сабинского муниципального района Республики Татарстан\""]
[45,"Сабинский","452003_16056573164_21","Муниципальное бюджетное общеобразовательное учреждение \"Шеморданский лицей \"Рост\" Сабинского муниципального района Республики Татарстан\"","Шайхов","Амир","Расимович","м","2007-03-06","нет",11,11,52,null,52,100,"победитель","да","Гатауллина Эндже Ильнуровна","Муниципальное бюджетное общеобразовательное учреждение \"Шеморданский лицей \"Рост\" Сабинского муниципального района Республики Татарстан\""]
[46,"Сабинский","454017_15543438366_21","Муниципальное бюджетное общеобразовательное учреждение \"Изминская средняя общеобразовательная школа Сабинского муниципального района Республики Татарстан\"","Мирзегалямова ","Ания","Рамилевна","ж","7.29.2007","нет",11,11,35,null,35,100,"участник  ","нет","Суляйманова Наиля Мансуровна","Муниципальное бюджетное общеобразовательное учреждение \"Изминская средняя общеобразовательная школа Сабинского муниципального района Республики Татарстан\""]
[47,"Сабинский","454008_15710267043_21","Муниципальное бюджетное общеобразовательное учреждение \"Тимершикская средняя общеобразовательная школа Сабинского муниципального района Республики Татарстан\"","Хазиева","Диляра","Айдаровна","ж","05.11.2007","нет",10,10,14,null,14,100,"участник  ","нет","Зарипова Зульфия Фидаиловна","Муниципальное бюджетное общеобразовательное учреждение \"Тимершикская средняя общеобразовательная школа Сабинского муниципального района Республики Татарстан\""]

{"sheet":"победители и призеры ","index":1,"n_rows":7,"n_cols":7,"rows_kept":7,"merged":[[0,0,0,6]]}
["Победители и призеры олимпиады по истории"]
["№","Название ОУ","Фамилия","Имя","Отчество","Класс","Статус"]
[1,"муниципальное бюджетное общеобразовательное учреждение \"Сабинская средняя общеобразовательная школа Сабинского муниципального района Республики Татарстан\"","Гумеров","Данияр","Рузалевич",8,"победитель"]
[2,"Муниципальное бюджетное общеобразовательное учреждение «Центр образования «ОНИКС» для одаренных детей» Сабинского муниципального района Республики Татарстан","Сунагатуллин","Айрат","Алмазович",8,"победитель"]
[3,"Муниципальное бюджетное общеобразовательное учреждение \"Шеморданский лицей \"Рост\" Сабинского муниципального района Республики Татарстан\"","Гилязова","Марьям","Ильдаровна",9,"победитель"]
[4,"Муниципальное бюджетное общеобразовательное учреждение \"Шеморданский лицей \"Рост\" Сабинского муниципального района Республики Татарстан\"","Гараев","Искандер","Айдарович",10,"призер"]
[5,"Муниципальное бюджетное общеобразовательное учреждение \"Шеморданский лицей \"Рост\" Сабинского муниципального района Республики Татарстан\"","Шайхов","Амир","Расимович",11,"победитель"]